000 01343nam a22002657a 4500
005 20170124103120.0
010 _aB-176179
020 _c125.00
_a8123011245
035 _aB-176179
037 _bCen Lib/Ret
040 _aDPL
_bHN
082 _a398.095413
_bबलूनी
100 _aबलूनी, दिनेश चन्द्र
_943924
245 _aउतरांचल प्रदेश के लोकगाथा गीत /
_cदिनेश चन्द्र बलूनी
246 _aUtrancha pradesh ke lokgatha geet /
_bby Dinesh chandra Balooni
260 _aनयी दिल्ली
_bसूचना और प्रसारण मंत्रालय
270 _bनयी दिल्ली
_aसी.जी.ओ. काम्प्लेक्स. लोदी रोड
_e110003
300 _a160पृ.:
_c20सेमी(सजिल्द )
_bसचित्र
500 _aसन्दर्भ सूची शामिल
650 _aलोकगाथा गीत--उतरांचल प्रदेश
_x
_z
_981740
650 _aउतरांचल प्रदेश-- इतिहास
_981741
650 _aEpic song - Utrancl State
_981742
650 _aUtrancl Pradesh-- History
_981743
942 _2ddc
_cHN
_h398.095413
_mबलूनी
999 _c118750
_d118750